[Event "World University Women"]
[Site "Katowice POL"]
[Date "2014.08.19"]
[Round "3.4"]
[White "Bartel, Marta"]
[Black "Ding, Yixin"]
[Result "1/2-1/2"]
[WhiteTitle "WGM"]
[BlackTitle "WGM"]
[WhiteElo "2359"]
[BlackElo "2449"]
[WhiteFideId "1123009"]
[BlackFideId "8602972"]
[EventDate "2014.08.18"]

1. d4 Nf6 2. Nf3 d5 3. c4 e6 4. e3 Be7 5. Nc3 O-O 6. Bd3 dxc4 7. Bxc4 c5 8. O-O
a6 9. dxc5 Bxc5 10. Qe2 Nc6 11. e4 b5 12. Bb3 Nd4 13. Nxd4 Qxd4 14. Be3 Qe5 15.
Bxc5 Qxc5 16. e5 Nd7 17. Rfe1 Bb7 18. Rac1 Rac8 19. Rc2 Qe7 20. Rd2 Nc5 21. Bc2
Qg5 22. g3 Rfd8 23. Red1 b4 24. Na4 Nxa4 25. Bxa4 g6 26. Rd6 Bd5 27. Bb3 Bb7 28.
Ba4 Bd5 29. Bb3 Bb7 30. Ba4 Bd5 31. Bb3 1/2-1/2

[Event "World University Women"]
[Site "Katowice POL"]
[Date "2014.08.19"]
[Round "3.5"]
[White "Mareckova, Martina"]
[Black "Zhang, Xiaowen"]
[Result "0-1"]
[WhiteTitle "WFM"]
[BlackTitle "WGM"]
[WhiteElo "2107"]
[BlackElo "2375"]
[WhiteFideId "327930"]
[BlackFideId "8603219"]
[EventDate "2014.08.18"]

1. e4 e6 2. d4 d5 3. exd5 exd5 4. Bd3 Bd6 5. Ne2 Nf6 6. Bf4 O-O 7. O-O Nc6 8. c3
Ne7 9. Bxd6 Qxd6 10. Nd2 Ng6 11. Ng3 Qf4 12. Nb3 b6 13. Qd2 Qxd2 14. Nxd2 Nf4
15. Bc2 Ba6 16. Rfe1 Bd3 17. Bb3 a5 18. a4 c5 19. Nf3 c4 20. Bd1 Rfe8 21. Ne5
Nd7 22. Nh5 Nxh5 23. Bxh5 Nxe5 24. dxe5 Rad8 25. Rad1 Bc2 26. Ra1 d4 27. cxd4
Rxd4 28. Re3 Rd2 29. Re2 Rd1+ 30. Re1 Rxa1 31. Rxa1 Rxe5 32. Bf3 Bxa4 0-1

[Event "World University Women"]
[Site "Katowice POL"]
[Date "2014.08.19"]
[Round "3.6"]
[White "Garcia Morales, Ivette Ale"]
[Black "Gasik, Anna"]
[Result "0-1"]
[WhiteTitle "WIM"]
[BlackTitle "WIM"]
[WhiteElo "2113"]
[BlackElo "2230"]
[WhiteFideId "5105994"]
[BlackFideId "1121952"]
[EventDate "2014.08.18"]

1. d4 d5 2. Bg5 c6 3. e3 Bf5 4. Bd3 Bxd3 5. Qxd3 Qb6 6. Nc3 e6 7. Nge2 Nd7 8.
O-O Ngf6 9. e4 dxe4 10. Nxe4 Be7 11. Nxf6+ Nxf6 12. c3 a6 13. a4 Rd8 14. Qc2 O-O
15. Ng3 Qc7 16. Rfe1 Rd5 17. Qc1 Rfd8 18. Bf4 Bd6 19. Bxd6 Qxd6 20. Qe3 c5 21.
dxc5 Qxc5 22. Qxc5 Rxc5 23. Ra3 Rc4 24. Nf1 Kf8 25. f3 Rd6 26. Ne3 Rc7 27. c4
Rd2 28. b4 Nd7 29. c5 Rb2 30. b5 Rxc5 31. bxa6 bxa6 32. Rd3 Nb6 33. Rd8+ Ke7 34.
Rd4 Rb3 35. g4 g6 36. Kf2 h6 37. h4 Kf6 38. Rd6 a5 39. Red1 Rcc3 40. Re1 Rxe3
41. Rxe3 Rxe3 42. Rxb6 Ra3 43. Rb2 Rxa4 44. Ke3 Rb4 45. Ra2 a4 46. Ke2 Ke5 47.
Kf2 0-1

[Event "World University Women"]
[Site "Katowice POL"]
[Date "2014.08.19"]
[Round "3.7"]
[White "Dogodkina, Julia"]
[Black "Sun, Xinyue"]
[Result "0-1"]
[WhiteTitle "WFM"]
[WhiteElo "2210"]
[BlackElo "2042"]
[WhiteFideId "24143375"]
[BlackFideId "8600813"]
[EventDate "2014.08.18"]

1. e4 c5 2. Nf3 d6 3. Bb5+ Bd7 4. Bxd7+ Qxd7 5. O-O Nf6 6. Re1 Nc6 7. c3 e6 8.
d4 cxd4 9. cxd4 d5 10. e5 Ne4 11. Nbd2 Nxd2 12. Bxd2 Be7 13. a3 O-O 14. b4 a6
15. Bf4 b5 16. Qd3 Qa7 17. Bd2 Rfc8 18. Rab1 Rc7 19. h4 Rac8 20. Rec1 Nb8 21.
Rxc7 Rxc7 22. h5 Nd7 23. h6 g6 24. Bg5 Bf8 25. Nd2 Nb6 26. Nb3 Rc4 27. Nc5 Nc8
28. Qh3 Qc7 29. Nxa6 Qc6 30. Nc5 Rxd4 31. Be3 Rc4 32. Qf3 Ne7 33. Nb3 Qc7 34.
Qf6 Nf5 35. Nc5 Nxe3 36. fxe3 Bxh6 37. Rf1 Bxe3+ 38. Kh1 Bxc5 39. bxc5 Rxc5 40.
Rf4 Rc4 41. Rf3 Re4 0-1

[Event "World University Women"]
[Site "Katowice POL"]
[Date "2014.08.19"]
[Round "3.8"]
[White "Rothebarth, Ana Vitoria de Paula"]
[Black "Eric, Jovana"]
[Result "0-1"]
[BlackTitle "WIM"]
[WhiteElo "2042"]
[BlackElo "2201"]
[WhiteFideId "2113961"]
[BlackFideId "938238"]
[EventDate "2014.08.18"]

1. e4 c5 2. Nc3 d6 3. f4 g6 4. Nf3 Bg7 5. Bb5+ Bd7 6. Bc4 Nc6 7. O-O Na5 8. Be2
Nf6 9. d3 O-O 10. Qe1 Nc6 11. Qh4 Nd4 12. Bd1 Nxf3+ 13. Bxf3 Bc6 14. g4 Nd7 15.
f5 Ne5 16. Bg2 b5 17. Bd2 b4 18. Nd5 Bxd5 19. exd5 Qd7 20. Rae1 Rae8 21. Re3 f6
22. Rh3 Kf7 23. Be4 Rh8 24. c3 bxc3 25. bxc3 Qa4 26. Be3 Qxa2 27. d4 cxd4 28.
cxd4 Nc4 29. Bh6 Bxh6 30. Qxh6 g5 31. Qh5+ Kg7 32. Qh6+ Kg8 33. Rh5 Qd2 34. Bf3
Qxd4+ 35. Kh1 Qe3 36. h4 Nd2 37. hxg5 Nxf1 38. gxf6 Qxf3+ 39. Kg1 Qe3+ 40. Kg2
Qxh6 41. Rxh6 Ne3+ 42. Kf3 exf6 0-1

[Event "World University Women"]
[Site "Katowice POL"]
[Date "2014.08.19"]
[Round "3.9"]
[White "Orehek, Spela"]
[Black "Gevorgyan, Maria"]
[Result "1-0"]
[BlackTitle "WFM"]
[WhiteElo "2035"]
[BlackElo "2130"]
[WhiteFideId "14605872"]
[BlackFideId "13300270"]
[EventDate "2014.08.18"]

1. e4 e5 2. d4 exd4 3. Nf3 Nc6 4. Bc4 Qf6 5. Ng5 Ne5 6. Be2 Bb4+ 7. c3 dxc3 8.
bxc3 Bc5 9. O-O Ne7 10. Kh1 h6 11. Nh3 d6 12. f4 N5c6 13. Nf2 Ng8 14. e5 Qg6 15.
Bh5 Qh7 16. Qb3 Nd8 17. Na3 Be6 18. Qa4+ c6 19. Qd1 dxe5 20. Nd3 Bb6 21. fxe5 g5
22. Nc2 Bf5 23. Nce1 Ne6 24. Qf3 Ne7 25. Ba3 Bg6 26. Bg4 h5 27. Bxe6 fxe6 28.
Qf6 Bd8 29. Qxe6 Bf5 30. Qb3 Nd5 31. Nc5 Rb8 32. c4 Nf4 33. Rd1 h4 34. e6 h3 35.
g3 Be4+ 36. Nxe4 Qxe4+ 37. Qf3 Qxf3+ 38. Nxf3 Ng2 39. Rd3 Be7 40. Bxe7 Kxe7 41.
Nxg5 Rbg8 42. Rd7+ Ke8 43. Nf7 1-0

[Event "World University Women"]
[Site "Katowice POL"]
[Date "2014.08.19"]
[Round "3.10"]
[White "Enkhtuul, Altan-Ulzii"]
[Black "Heinatz, Maria"]
[Result "1-0"]
[WhiteTitle "WIM"]
[WhiteElo "2300"]
[BlackElo "1889"]
[WhiteFideId "4901444"]
[BlackFideId "1312073"]
[EventDate "2014.08.18"]

1. d4 d5 2. c4 c6 3. Nf3 Nf6 4. Qc2 a6 5. a4 e6 6. g3 Be7 7. Bg2 O-O 8. Nbd2 a5
9. O-O Na6 10. e4 dxe4 11. Nxe4 c5 12. Rd1 Nb4 13. Qe2 Nxe4 14. Qxe4 Bd7 15. Ne5
Bc6 16. d5 exd5 17. cxd5 Bxd5 18. Rxd5 Nxd5 19. Qxd5 Qxd5 20. Bxd5 Rad8 21. Bb3
Bf6 22. Ng4 Bd4 23. Ne3 Rfe8 24. Rb1 Bf6 25. Bc4 Rd4 26. b3 Bg5 27. h4 Bd8 28.
Bb2 Rd2 29. Bc3 Rd6 30. Nf5 Rg6 31. Rd1 1-0

[Event "World University Women"]
[Site "Katowice POL"]
[Date "2014.08.19"]
[Round "3.11"]
[White "Lach, Aleksandra"]
[Black "Rosas Rodriguez, Carmen Melissa"]
[Result "1-0"]
[WhiteTitle "WFM"]
[BlackTitle "WCM"]
[WhiteElo "2190"]
[BlackElo "1807"]
[WhiteFideId "1134299"]
[BlackFideId "5111005"]
[EventDate "2014.08.18"]

1. e4 e5 2. Nf3 Nc6 3. Bc4 Bc5 4. c3 Qe7 5. d4 Bb6 6. O-O d6 7. a4 a5 8. Ng5 Nh6
9. d5 Nd8 10. Nf3 Ng4 11. h3 Nf6 12. Bd3 h6 13. Nbd2 g5 14. Nh2 Rg8 15. Be2 Bc5
16. Ng4 Rh8 17. Nxf6+ Qxf6 18. Nb3 Bb6 19. Bh5 Rg8 20. Be3 Kf8 21. c4 Kg7 22.
Rc1 Qe7 23. c5 dxc5 24. Bxc5 Bxc5 25. Nxc5 b6 26. Nd3 f6 27. Rc3 Ra7 28. Qc2 Kh8
29. Rc1 Rg7 30. Ne1 Ba6 31. Nf3 Qd6 32. Nh2 Bc8 33. Bg4 Ba6 34. Bh5 Bc8 35. Nf1
Re7 36. Ne3 Kh7 37. Nc4 Qb4 38. Ne3 Qd6 39. Bg4 Bxg4 40. hxg4 Rd7 41. Nc4 Qe7
42. Na3 Qb4 43. Nb5 Rb7 44. Nxc7 Nf7 45. Ne6 Kg6 46. Rc8 Re7 47. Rg8+ Kh7 48.
Rg7+ 1-0

[Event "World University Women"]
[Site "Katowice POL"]
[Date "2014.08.20"]
[Round "4.1"]
[White "Kulon, Klaudia"]
[Black "Munguntuul, Batkhuyag"]
[Result "1-0"]
[WhiteTitle "WIM"]
[BlackTitle "IM"]
[WhiteElo "2301"]
[BlackElo "2410"]
[WhiteFideId "1131044"]
[BlackFideId "4900758"]
[EventDate "2014.08.18"]

1. c4 e5 2. g3 f5 3. Bg2 d6 4. Nc3 Nf6 5. e3 Be7 6. Nge2 O-O 7. b4 a5 8. b5 Nbd7
9. O-O Nb6 10. Nd5 Nfxd5 11. cxd5 Qe8 12. a4 Qf7 13. Qb3 e4 14. d3 Bf6 15. Ra3
Nxd5 16. dxe4 fxe4 17. Bxe4 Be6 18. Nd4 Bxd4 19. exd4 Nf6 20. d5 Bxd5 21. Bxd5
Nxd5 22. Ra2 Rae8 23. Rd1 c6 24. Rad2 Re6 25. bxc6 bxc6 26. Ba3 Kh8 27. Qc2 Rfe8
28. Rf1 Qd7 29. Qc4 Nf6 30. Qa6 Ne4 31. Rb2 Rh6 32. f3 Nxg3 33. hxg3 Qh3 34. Rg2
c5 35. Bb2 Rg6 36. Qc6 Rf8 37. Qb7 h5 38. g4 Qh4 39. Qe4 Rh6 40. Bxg7+ 1-0

[Event "World University Women"]
[Site "Katowice POL"]
[Date "2014.08.20"]
[Round "4.2"]
[White "Fominykh, Maria"]
[Black "Tomnikova, Lidia"]
[Result "0-1"]
[WhiteTitle "WIM"]
[BlackTitle "WIM"]
[WhiteElo "2296"]
[BlackElo "2216"]
[WhiteFideId "4142411"]
[BlackFideId "4113110"]
[EventDate "2014.08.18"]

1. Nf3 Nf6 2. g3 e6 3. Bg2 d5 4. O-O Be7 5. d3 O-O 6. Nbd2 c5 7. e4 dxe4 8. dxe4
Nc6 9. c3 e5 10. Qc2 Qc7 11. Re1 Rd8 12. Nc4 Be6 13. Ne3 h6 14. Nh4 Bf8 15. Bf1
Na5 16. b3 a6 17. Nhg2 Qc6 18. f3 b5 19. c4 Qb7 20. Nd5 Nd7 21. Nge3 Nc6 22. Qf2
Nd4 23. f4 exf4 24. gxf4 g6 25. Bg2 bxc4 26. bxc4 Rab8 27. Rf1 Bg7 28. e5 Kh8
29. Ba3 Qc6 30. Nc3 Qc7 31. Bc1 Nb6 32. Ncd5 Qd7 33. Nxb6 Rxb6 34. Nd5 Bxd5 35.
cxd5 Rdb8 36. Ba3 Qb5 37. Rfd1 f6 38. Kh1 fxe5 39. Rac1 Qa5 40. Bxc5 Rb2 41. Qf1
Ne2 42. fxe5 Nxc1 43. Rxc1 Bxe5 44. a3 Qd8 45. Re1 Qh4 46. Bg1 Bg7 47. Rc1 Rf8
48. Qe1 Qg4 49. Qg3 Qh5 50. d6 Rd2 51. Re1 Rd8 52. Re6 Qg5 53. Qxg5 hxg5 54.
Rxg6 R8xd6 55. Rxg5 Rd1 56. Bf3 Ra1 57. Bd5 Bd4 58. Bc4 Bb6 59. Rh5+ Kg7 60.
Rg5+ Kf6 61. h4 Rdd1 0-1

[Event "World University Women"]
[Site "Katowice POL"]
[Date "2014.08.20"]
[Round "4.3"]
[White "Ding, Yixin"]
[Black "Eric, Jovana"]
[Result "1-0"]
[WhiteTitle "WGM"]
[BlackTitle "WIM"]
[WhiteElo "2449"]
[BlackElo "2201"]
[WhiteFideId "8602972"]
[BlackFideId "938238"]
[EventDate "2014.08.18"]

1. Nf3 Nf6 2. g3 g6 3. Bg2 Bg7 4. c4 d5 5. cxd5 Nxd5 6. Nc3 Nb6 7. d3 O-O 8. h4
h5 9. Bg5 Nc6 10. O-O Bg4 11. Qd2 Kh7 12. Rac1 Qd7 13. Ne4 Qe8 14. Nc5 Bc8 15.
d4 a5 16. Bf4 Nxd4 17. Bxc7 Nxf3+ 18. Bxf3 Qb5 19. b3 a4 20. Nxb7 axb3 21. axb3
Bxb7 22. Bxb7 Ra3 23. Qe3 Nd5 24. Bxd5 Qxd5 25. Qxe7 Rxb3 26. Bf4 Rb2 27. Rc7
Qb5 28. e3 Rb1 29. Rxb1 Qxb1+ 30. Kg2 Qf5 31. e4 Qb5 32. Be3 Kg8 33. Qc5 Qb1 34.
Qc4 Qb2 35. Bc5 Ra8 36. Qxf7+ Kh8 37. Qxg6 Qe5 38. Re7 1-0

[Event "World University Women"]
[Site "Katowice POL"]
[Date "2014.08.20"]
[Round "4.4"]
[White "Zhang, Xiaowen"]
[Black "Terao, Juliana Sayumi"]
[Result "1-0"]
[WhiteTitle "WGM"]
[BlackTitle "WIM"]
[WhiteElo "2375"]
[BlackElo "2222"]
[WhiteFideId "8603219"]
[BlackFideId "2109220"]
[EventDate "2014.08.18"]

1. e4 c5 2. Nf3 e6 3. g3 Nc6 4. Bg2 Nf6 5. d3 d6 6. O-O Be7 7. Re1 e5 8. c3 O-O
9. Nbd2 Re8 10. Nf1 Bf8 11. Ne3 g6 12. h3 Rb8 13. a4 a6 14. Nh2 b5 15. axb5 axb5
16. Nhg4 Nxg4 17. hxg4 Bb7 18. Nd5 h6 19. Bf3 Bg7 20. Kg2 Ne7 21. Rh1 Nxd5 22.
exd5 g5 23. Be4 Ra8 24. Rb1 Ra4 25. Be3 Qa8 26. Qf3 Qc8 27. Rh5 c4 28. b3 Ra3
29. bxc4 bxc4 30. Bxg5 hxg5 31. Rxg5 Kf8 32. Rh1 f6 33. Rxg7 1-0

[Event "World University Women"]
[Site "Katowice POL"]
[Date "2014.08.20"]
[Round "4.5"]
[White "Sun, Xinyue"]
[Black "Khlichkova, Tatiana"]
[Result "0-1"]
[BlackTitle "WFM"]
[WhiteElo "2042"]
[BlackElo "2232"]
[WhiteFideId "8600813"]
[BlackFideId "24145084"]
[EventDate "2014.08.18"]

1. e4 e6 2. d4 d5 3. Nc3 Bb4 4. Ne2 dxe4 5. a3 Be7 6. Nxe4 b6 7. N2c3 Bb7 8. Qg4
g6 9. Qf4 Nf6 10. Nxf6+ Bxf6 11. Be3 Bg7 12. O-O-O O-O 13. h4 h6 14. Qg3 Qe7 15.
h5 g5 16. f4 f6 17. Bc4 Kh8 18. Rhe1 Qd7 19. Re2 Bd5 20. Nxd5 exd5 21. Qf3 c6
22. Bd3 g4 23. Qf1 f5 24. Bf2 Qf7 25. Rde1 Qc7 26. Re8 Nd7 27. Rxa8 Rxa8 28.
Bxf5 Rf8 29. Bxd7 Qxf4+ 30. Kb1 g3 31. Bxc6 gxf2 32. Rd1 Qe4 33. Ka2 Qxc2 34.
Bb5 Qe4 35. Be2 Qe3 36. Bf3 Bxd4 37. Bxd5 Bg7 38. Bc4 Qe5 39. Qe2 Qf6 40. Qd2 b5
41. Be2 Qf7+ 42. Kb1 Qb3 43. Qc2 Qe3 44. Bf1 a6 45. Qd3 Qe5 46. Qc2 Qxh5 47. Rd2
Qe5 48. Re2 Qf6 49. Ka2 a5 50. Qe4 b4 51. axb4 axb4 52. Qxb4 Ra8+ 53. Kb1 Qf7
54. Qb5 Qg6+ 55. Rc2 Qe6 56. Qc4 Qe1+ 57. Rc1 Rb8 58. b3 Qe5 59. Kc2 Qb2+ 60.
Kd3 Rxb3+ 61. Qxb3 Qxb3+ 62. Kd2 Be5 63. Bd3 Bf4+ 0-1

[Event "World University Women"]
[Site "Katowice POL"]
[Date "2014.08.20"]
[Round "4.6"]
[White "Gasik, Anna"]
[Black "Orehek, Spela"]
[Result "1-0"]
[WhiteTitle "WIM"]
[WhiteElo "2230"]
[BlackElo "2035"]
[WhiteFideId "1121952"]
[BlackFideId "14605872"]
[EventDate "2014.08.18"]

1. e4 e5 2. Nf3 Nc6 3. Bb5 a6 4. Ba4 Nge7 5. Nc3 d6 6. d4 b5 7. d5 Nd4 8. Bb3
Nxb3 9. axb3 Bd7 10. O-O Ng6 11. Ne2 Be7 12. Ng3 Qc8 13. Qd3 O-O 14. Be3 f5 15.
Nxf5 Bxf5 16. exf5 Rxf5 17. Nd2 Rf8 18. f3 Rb8 19. Ra5 c6 20. Rfa1 Ra8 21. c4
Bd8 22. R5a2 a5 23. dxc6 bxc4 24. Qd5+ Kh8 25. Nxc4 Ne7 26. Qxd6 Qxc6 27. Qxe5
Rf5 28. Qd4 Rd5 29. Qe4 Nf5 30. Bf2 Qd7 31. Re1 Bc7 32. Raa1 h6 33. g4 Qf7 34.
gxf5 Rf8 35. Ne3 Rd2 36. Ng4 Rxb2 37. f6 1-0

[Event "World University Women"]
[Site "Katowice POL"]
[Date "2014.08.20"]
[Round "4.7"]
[White "Lach, Aleksandra"]
[Black "Enkhtuul, Altan-Ulzii"]
[Result "1/2-1/2"]
[WhiteTitle "WFM"]
[BlackTitle "WIM"]
[WhiteElo "2190"]
[BlackElo "2300"]
[WhiteFideId "1134299"]
[BlackFideId "4901444"]
[EventDate "2014.08.18"]

1. e4 d5 2. exd5 Qxd5 3. Nf3 Bg4 4. Be2 Nf6 5. d4 Nc6 6. O-O O-O-O 7. Be3 Qd7 8.
Nbd2 e6 9. a3 a6 10. c4 Qe8 11. Qc2 Bf5 12. Qc3 h6 13. b4 Kb8 14. Ra2 Nd7 15.
Nb3 Nb6 16. Nc5 Nd7 17. a4 a5 18. bxa5 Nxc5 19. dxc5 Be7 20. Nd4 Bf6 21. Nxc6+
Qxc6 22. Qb3 Be4 23. f3 Bg6 24. Bf2 Bd4 25. Qb5 Ka7 26. Rc1 e5 27. a6 Qxa6 28.
c6 Qxc6 29. Qxe5 Bxf2+ 30. Kxf2 Rhe8 31. Qa5+ Kb8 32. Rb2 Qe6 33. Rc3 Qf6 34.
Rcb3 Be4 35. c5 Kc8 36. g3 Qd4+ 37. Kg2 Bc6 38. Bd3 g6 39. Bb5 Re3 40. Qa8+ Kd7
41. Qxb7 Bxb5 42. Qxb5+ Ke7 43. Rxe3+ Qxe3 44. Qb4 Kf8 45. c6+ Kg8 46. Rf2 Qe6
47. Qb7 Rd6 48. Rc2 Qf5 49. Re2 Rf6 50. Rf2 Qd5 51. Qxc7 Rxc6 52. Qb8+ Kh7 53.
Qb7 g5 54. h3 Qc4 55. a5 Kg7 1/2-1/2

[Event "World University Women"]
[Site "Katowice POL"]
[Date "2014.08.20"]
[Round "4.8"]
[White "Dogodkina, Julia"]
[Black "Bartel, Marta"]
[Result "1/2-1/2"]
[WhiteTitle "WFM"]
[BlackTitle "WGM"]
[WhiteElo "2210"]
[BlackElo "2359"]
[WhiteFideId "24143375"]
[BlackFideId "1123009"]
[EventDate "2014.08.18"]

1. e4 d6 2. d4 Nf6 3. Nc3 e5 4. dxe5 dxe5 5. Qxd8+ Kxd8 6. Bg5 Be6 7. O-O-O+ Nd7
8. Nd5 Bxd5 9. exd5 Bc5 10. f3 h6 11. Bh4 Ke7 12. Be1 Rhd8 13. c4 b5 14. cxb5
Nb6 15. Ne2 Nfxd5 16. Nc3 Be3+ 17. Kc2 Bd4 18. Nxd5+ Nxd5 19. Kb1 Rab8 20. b3
Rd7 21. Bd2 Be3 22. Bc4 Bxd2 23. Rxd2 Nc3+ 24. Kc2 Rxd2+ 25. Kxd2 Nxb5 26. Bd3
Kd6 27. Rc1 Nd4 28. Rc4 c6 29. Ra4 Rb7 30. Ra6 g5 31. Ke3 f5 32. Ra5 f4+ 33. Ke4
Re7 34. b4 Rb7 35. a3 Re7 36. Ra6 Nb3 37. Kf5 Nd4+ 38. Kg4 Rb7 39. Kh5 g4 40.
Kxg4 Rg7+ 41. Kh3 Rg5 1/2-1/2

[Event "World University Women"]
[Site "Katowice POL"]
[Date "2014.08.20"]
[Round "4.9"]
[White "Gevorgyan, Maria"]
[Black "Rothebarth, Ana Vitoria de Paula"]
[Result "1-0"]
[WhiteTitle "WFM"]
[WhiteElo "2130"]
[BlackElo "2042"]
[WhiteFideId "13300270"]
[BlackFideId "2113961"]
[EventDate "2014.08.18"]

1. e4 e5 2. Nf3 Nc6 3. Bc4 Bc5 4. c3 Nf6 5. d3 a6 6. Bb3 d6 7. h3 Ba7 8. O-O O-O
9. Re1 h6 10. Nbd2 Be6 11. Bc2 Re8 12. Nf1 d5 13. exd5 Bxd5 14. Ne3 e4 15. Nxd5
Qxd5 16. dxe4 Qxd1 17. Rxd1 Nxe4 18. Nd4 Nxd4 19. cxd4 Rad8 20. Be3 Nf6 21. Ba4
Re7 22. Rd3 Nd5 23. Rad1 Bb6 24. a3 Rd6 25. Bb3 Re4 26. g3 Re7 27. Kg2 Kh7 28.
Rc1 g6 29. Bd1 Kg7 30. Bf3 Rd8 31. Rb3 Red7 32. Rc4 Re8 33. Kf1 f5 34. h4 Rf8
35. Bd2 Kh7 36. a4 a5 37. Bxd5 Rxd5 38. Rxb6 cxb6 39. Rc7+ Kg8 40. Rxb7 Rf6 41.
Bxh6 Rxd4 42. Bg7 Rd1+ 43. Ke2 Rfd6 44. Bc3 R1d5 45. Ke3 Re6+ 46. Kf4 Rdd6 47.
Kg5 Kf8 48. Rh7 Re7 49. Rh8+ Kf7 50. h5 gxh5 51. Rxh5 Re2 52. f4 Rg6+ 53. Kxf5
Rxg3 54. Rh6 Rd3 55. Rxb6 Rd5+ 56. Be5 Rd7 57. Ra6 Rd5 58. Ra7+ Ke8 59. Ke6 Rd8
60. Rh7 1-0

[Event "World University Women"]
[Site "Katowice POL"]
[Date "2014.08.20"]
[Round "4.10"]
[White "Heinatz, Maria"]
[Black "Garcia Morales, Ivette Ale"]
[Result "1/2-1/2"]
[BlackTitle "WIM"]
[WhiteElo "1889"]
[BlackElo "2113"]
[WhiteFideId "1312073"]
[BlackFideId "5105994"]
[EventDate "2014.08.18"]

1. e4 e6 2. d4 d5 3. Nc3 Bb4 4. e5 c5 5. a3 Bxc3+ 6. bxc3 Qa5 7. Bd2 Qa4 8. Nf3
b6 9. Bd3 Ba6 10. O-O Nc6 11. dxc5 bxc5 12. Be3 c4 13. Be2 Qa5 14. Qd2 Nge7 15.
h4 h6 16. h5 Qc7 17. Rfe1 Nf5 18. Bf4 O-O-O 19. Nd4 Nfe7 20. Bg4 Nxd4 21. cxd4
Nc6 22. Reb1 Kd7 23. Be3 Ne7 24. c3 Rb8 25. Qc2 Rxb1+ 26. Rxb1 Rb8 27. Rxb8 Qxb8
28. Qh7 Qg8 29. Qc2 Qb8 30. Qh7 Qg8 31. Qc2 Qb8 32. Qh7 1/2-1/2

[Event "World University Women"]
[Site "Katowice POL"]
[Date "2014.08.20"]
[Round "5.1"]
[White "Tomnikova, Lidia"]
[Black "Kulon, Klaudia"]
[Result "0-1"]
[WhiteTitle "WIM"]
[BlackTitle "WIM"]
[WhiteElo "2216"]
[BlackElo "2301"]
[WhiteFideId "4113110"]
[BlackFideId "1131044"]
[EventDate "2014.08.18"]

1. e4 c5 2. Nf3 d6 3. d4 cxd4 4. Nxd4 Nf6 5. Nc3 Nc6 6. Bg5 e6 7. Qd2 a6 8.
O-O-O Bd7 9. f4 b5 10. e5 dxe5 11. Nxc6 Bxc6 12. Qxd8+ Rxd8 13. Rxd8+ Kxd8 14.
fxe5 h6 15. Bxf6+ gxf6 16. exf6 Rg8 17. Bd3 Rxg2 18. Be4 Bxe4 19. Nxe4 Kc7 20.
Rf1 Rxh2 21. Rg1 Re2 22. Rg8 Bb4 23. c3 Rxe4 24. cxb4 Rf4 25. Kd2 Rxf6 26. Ke3
h5 27. Rh8 Rf5 28. Ke4 Rd5 29. Rh7 Rf5 30. Rh8 Rf2 31. Rxh5 Kd6 32. Rh3 Rxb2 33.
Rd3+ Ke7 34. a3 Rc2 35. Rh3 Rc4+ 36. Kd3 f5 37. Rh8 Kf6 38. Ra8 Rc6 39. Kd4 Rd6+
40. Kc5 Ke5 41. Ra7 f4 42. Rf7 Rd3 0-1

[Event "World University Women"]
[Site "Katowice POL"]
[Date "2014.08.20"]
[Round "5.2"]
[White "Khlichkova, Tatiana"]
[Black "Ding, Yixin"]
[Result "1/2-1/2"]
[WhiteTitle "WFM"]
[BlackTitle "WGM"]
[WhiteElo "2232"]
[BlackElo "2449"]
[WhiteFideId "24145084"]
[BlackFideId "8602972"]
[EventDate "2014.08.18"]

1. d4 Nf6 2. Bg5 d5 3. e3 Nbd7 4. Nf3 e6 5. c4 Be7 6. cxd5 Nxd5 7. Bxe7 Qxe7 8.
Nc3 O-O 9. Be2 Nxc3 10. bxc3 e5 11. Qc2 e4 12. Nd2 Nf6 13. g4 Bxg4 14. Bxg4 Nxg4
15. Qxe4 Qxe4 16. Nxe4 Rae8 17. Nc5 f5 18. h3 Nf6 19. Nd3 Ne4 20. Rc1 Rf6 21.
Ne5 Ra6 22. f3 Nf6 23. Rc2 Nd5 24. Kd2 f4 25. exf4 Nxf4 26. Rb2 Rb6 27. Rb3 Ree6
28. h4 Rh6 29. Ng4 Rh5 30. Re1 Ra5 31. Rxb6 Rxa2+ 32. Kd1 axb6 33. Re8+ Kf7 34.
Rc8 Nd5 35. c4 Nc3+ 36. Kc1 Ne2+ 37. Kb1 Nc3+ 38. Kc1 Ne2+ 39. Kb1 Nc3+ 40. Kc1
Ne2+ 1/2-1/2

[Event "World University Women"]
[Site "Katowice POL"]
[Date "2014.08.20"]
[Round "5.3"]
[White "Gasik, Anna"]
[Black "Zhang, Xiaowen"]
[Result "1-0"]
[WhiteTitle "WIM"]
[BlackTitle "WGM"]
[WhiteElo "2230"]
[BlackElo "2375"]
[WhiteFideId "1121952"]
[BlackFideId "8603219"]
[EventDate "2014.08.18"]

1. e4 e6 2. d4 d5 3. Nd2 Nf6 4. e5 Nfd7 5. Bd3 c5 6. c3 Nc6 7. Ne2 a5 8. O-O a4
9. a3 Nb6 10. Nf3 Be7 11. Be3 c4 12. Bc2 Bd7 13. Ne1 Na5 14. f4 Nb3 15. Rb1 g6
16. g4 Qc7 17. f5 gxf5 18. gxf5 exf5 19. Bxf5 Be6 20. Ng3 O-O-O 21. Qh5 Rdg8 22.
Ng2 Kb8 23. Bxe6 fxe6 24. Rf7 Qd8 25. Rbf1 h6 26. Qh3 h5 27. Qxe6 Nc8 28. Nf5
Bg5 29. Qd7 Qb6 30. Bxg5 Rxg5 31. Rg7 Rd8 32. Qf7 Rxg7 33. Nxg7 Nd2 34. Ne6 Rh8
35. Nc5 Qxb2 36. Rd1 Ne4 37. Nxe4 dxe4 38. Qxc4 h4 39. h3 Rh5 40. Re1 Rg5 41.
Qe2 Qxc3 42. Qe3 Rg3 43. Qxc3 Rxc3 44. Re3 Rb3 45. d5 Ne7 46. d6 Nf5 47. Rxe4
Rxh3 48. Rf4 Nxd6 49. exd6 Rd3 50. Rxh4 Rxd6 51. Rxa4 Rd2 52. Rb4 Ra2 53. Rb3
Ka7 54. Nf4 Ka6 55. Nd3 Ra1+ 56. Kf2 b5 57. Ke3 Ka5 58. Nb2 Rh1 59. Kd2 Rh2+ 60.
Kc1 Rh1+ 61. Kc2 Rh2+ 62. Kb1 Rh1+ 63. Ka2 Rh2 64. Rg3 Rh4 65. Kb3 Rh5 66. Nd1
Rf5 67. Rd3 Kb6 68. Nc3 Kc6 69. Ne4 Re5 70. Rd4 Re6 71. Kb4 Rh6 72. Nc3 Rh2 73.
Rg4 Rb2+ 74. Ka5 Rb3 75. Rg6+ Kc5 76. Rg5+ Kc6 77. Nxb5 Rh3 78. Nd4+ Kb7 79. a4
Rh7 80. Rd5 Re7 81. Kb5 Ka8 82. Rd6 Kb7 83. Rb6+ Ka8 84. Rb8+ Kxb8 85. Nc6+ Kb7
86. Nxe7 Ka7 87. Nd5 Kb7 88. a5 Ka7 89. a6 Kb8 90. Kb6 Ka8 91. Nc7+ 1-0

[Event "World University Women"]
[Site "Katowice POL"]
[Date "2014.08.20"]
[Round "5.4"]
[White "Eric, Jovana"]
[Black "Munguntuul, Batkhuyag"]
[Result "0-1"]
[WhiteTitle "WIM"]
[BlackTitle "IM"]
[WhiteElo "2201"]
[BlackElo "2410"]
[WhiteFideId "938238"]
[BlackFideId "4900758"]
[EventDate "2014.08.18"]

1. e4 c5 2. Nf3 e6 3. d4 cxd4 4. Nxd4 Nc6 5. Nc3 Qc7 6. Be2 a6 7. O-O Nf6 8. Be3
Bb4 9. Nxc6 dxc6 10. Bd3 e5 11. Kh1 Be6 12. Na4 Qe7 13. a3 Bd6 14. f3 b5 15. Nc3
O-O 16. Qe1 c5 17. Rd1 c4 18. Be2 Rfd8 19. Qh4 Qc7 20. g4 Rab8 21. g5 Nd7 22.
Qg3 Nf8 23. Nd5 Bxd5 24. Rxd5 Ne6 25. Rfd1 Nd4 26. Bxd4 exd4 27. e5 Bc5 28.
Rxd8+ Rxd8 29. f4 Qc6+ 30. Bf3 Qg6 31. Qg2 Qf5 32. Bb7 Qxf4 33. Bxa6 d3 34. cxd3
cxd3 35. Bxb5 d2 36. Be2 Qxe5 37. b4 Be3 38. b5 Bxg5 39. a4 Re8 40. Bf3 Qe1+ 41.
Qf1 Bf4 42. Bg4 g5 43. a5 Qh4 0-1